Poznatky z kontrolnej činnosti v oblasti odvodov štátnych podnikov záverečná práca postgraduálneho štúdia

Salvato in:
Dettagli Bibliografici
Autore principale: Lišková, Ľudmila
Ente Autore: Vysoká škola ekonomická v Bratislave
Natura: Libro
Lingua:slovacco
Pubblicazione: Bratislava 1991
Soggetti:
Tags: Aggiungi Tag
Nessun Tag, puoi essere il primo ad aggiungerne!!

MARC

LEADER 00000nam a2200000 4500
001 c002121
005 20221214094557.0
041 0 |a slo 
044 |a SK 
245 1 0 |a Poznatky z kontrolnej činnosti v oblasti odvodov štátnych podnikov  |b záverečná práca postgraduálneho štúdia  |c Ľudmila Lišková 
264 1 |a Bratislava  |c 1991 
300 |a 16 s. 
610 2 0 |a kontrola finančná 
610 2 0 |a kontrola štátna 
610 2 0 |a kontrola podniková 
610 2 0 |a odvody podnikové 
610 2 0 |a dane podnikové 
610 2 0 |a podnik štátny 
610 2 0 |a komplex poľnohospodársko-potravinársky 
610 2 0 |a podnik poľnohospodársky 
610 2 0 |a potravinárstvo 
610 2 0 |a štát 
100 1 |a Lišková, Ľudmila 
710 2 |a Vysoká škola ekonomická v Bratislave